Vývoj výkonov v cestovných kanceláriách a agentúrach diplomová práca

Salvato in:
Dettagli Bibliografici
Autore principale: Bobotová, Katarína
Ente Autore: Obchodná fakulta EU. Katedra cestovného ruchu
Altri autori: Benešová, Dana, 1958-
Natura: Libro
Lingua:slovacco
Pubblicazione: Bratislava 2024
Tags: Aggiungi Tag
Nessun Tag, puoi essere il primo ad aggiungerne!!

MARC

LEADER 00000nbm a2200000 4500
001 0302209
005 20250122102715.7
041 0 |a slo 
044 |a SK 
245 1 0 |a Vývoj výkonov v cestovných kanceláriách a agentúrach  |b diplomová práca  |c Katarína Bobotová ; školiteľ: Dana Benešová 
264 1 |a Bratislava  |c 2024 
300 |a 80 s. 
100 1 |a Bobotová, Katarína 
700 1 |a Benešová, Dana, 1958- 
710 2 |a Obchodná fakulta EU. Katedra cestovného ruchu